[Event "BCF-chT4 2223 (4NCL)"]
[Site "England"]
[Date "2023.04.30"]
[Round "10.81"]
[White "Robson, Ian A"]
[Black "Robinson, James M"]
[Result "1-0"]
[WhiteElo "2231"]
[BlackElo "1900"]
[PlyCount "39"]
[EventDate "2022.11.05"]
[EventType "team-swiss"]
[EventRounds "11"]
[EventCountry "ENG"]
[SourceTitle "EXT 2024"]
[Source "ChessBase"]
[SourceDate "2023.10.10"]
[SourceVersion "1"]
[SourceVersionDate "2023.10.10"]
[SourceQuality "1"]
[WhiteTeam "Wotton Hall"]
[BlackTeam "Barnet Knights III"]
[WhiteTeamCountry "ENG"]
[BlackTeamCountry "ENG"]

1. e4 d5 2. exd5 Nf6 3. d4 Nxd5 4. c4 Nf6 5. Nf3 e6 6. Nc3 Be7 7. Bd3 b6 8. 0-0 Bb7 9. Qe2 0-0 10. Bf4 a6 11. Rad1 Re8 12. Bc2 Qc8 13. Ng5 Nbd7 14. Be5 Nf8 15. Rd3 h6 16. Nge4 Nxe4 17. Nxe4 f5 18. Rg3 g5 19. Qh5 Nd7 20. Qg6+ 1-0